[Event "ROM-ch (Women)"]
[Site "Eforie Nord"]
[Date "2024.03.02"]
[Round "9"]
[White "Batagan, Ilinca Petra"]
[Black "Maria, Lia Alexandra"]
[Result "1-0"]
[WhiteElo "1859"]
[BlackElo "1937"]
[PlyCount "69"]
[EventDate "2024.02.24"]
[EventType "swiss"]
[EventRounds "9"]
[EventCountry "ROU"]
[SourceTitle "CB10_2024"]
[SourceDate "2024.03.06"]
[SourceVersion "1"]
[SourceVersionDate "2024.03.06"]
[SourceQuality "1"]

1. e4 c5 2. Nf3 d6 3. d4 Nf6 4. Nc3 cxd4 5. Nxd4 a6 6. Bg5 Nbd7 7. Qe2 g6 8. f4 h6 9. Bh4 e5 10. fxe5 dxe5 11. 0-0-0 Qc7 12. Nb3 b5 13. Rxd7 Nxd7 14. Nd5 Qd6 15. Na5 g5 16. Be1 Rb8 17. Bb4 Qg6 18. Qe1 Bc5 19. Bd3 Qd6 20. Rf1 0-0 21. Bxc5 Qxc5 22. Nc6 Ra8 23. Nce7+ Kh7 24. h4 Qd6 25. hxg5 Bb7 26. Rh1 Rae8 27. Rxh6+ Qxh6 28. gxh6 Bxd5 29. exd5+ e4 30. Qg3 Rg8 31. Nxg8 Rxg8 32. Bxe4+ Kh8 33. Qc3+ f6 34. Qc7 Ne5 35. Qh7# 1-0

[Event "ROM-ch (Women)"]
[Site "Eforie Nord"]
[Date "2024.03.01"]
[Round "8"]
[White "Vorniceanu, Alina"]
[Black "Batagan, Ilinca Petra"]
[Result "0-1"]
[WhiteElo "1474"]
[BlackElo "1859"]
[PlyCount "136"]
[EventDate "2024.02.24"]
[EventType "swiss"]
[EventRounds "9"]
[EventCountry "ROU"]
[SourceTitle "CB10_2024"]
[SourceDate "2024.03.06"]
[SourceVersion "1"]
[SourceVersionDate "2024.03.06"]
[SourceQuality "1"]

1. c4 Nf6 2. Nf3 g6 3. d4 Bg7 4. Nc3 d5 5. e3 0-0 6. h3 c5 7. Bd3 cxd4 8. exd4 Nc6 9. a3 a6 10. 0-0 dxc4 11. Bxc4 b5 12. Ba2 e6 13. Be3 Ne7 14. Rc1 Bb7 15. Qe2 Ned5 16. Rfd1 Qb6 17. Ne5 Nxe3 18. Qxe3 Rfd8 19. Qf4 Qa7 20. g4 Bd5 21. Nxd5 Nxd5 22. Qg3 Qb7 23. Rc2 Rac8 24. Rdc1 Rxc2 25. Rxc2 Rc8 26. Bxd5 exd5 27. Rc3 Bxe5 28. dxe5 d4 29. Rxc8+ Qxc8 30. Qf4 Qd7 31. Kf1 Qd5 32. Ke1 d3 33. Qe3 Qh1+ 34. Kd2 Qb1 35. Qxd3 Qxb2+ 36. Kd1 Qxe5 37. Kc2 Qc5+ 38. Kb3 Qxf2 39. g5 Qb6 40. h4 a5 41. Qc3 Qe6+ 42. Kb2 Qe2+ 43. Ka1 Qd1+ 44. Ka2 Qd5+ 45. Ka1 a4 46. Qc8+ Kg7 47. Qg4 Kf8 48. Qc8+ Kg7 49. Qc3+ Kf8 50. Qc8+ Ke7 51. Qc7+ Ke6 52. Qc8+ Ke5 53. Qc7+ Kf5 54. Qc1 Kg4 55. Qe1 Qd4+ 56. Ka2 Qc4+ 57. Ka1 Kf4 58. Qf2+ Ke4 59. Qe1+ Kd5 60. Qe7 Qd4+ 61. Ka2 Qc4+ 62. Ka1 Kd4 63. Qf6+ Ke3 64. Qe5+ Kf3 65. Qe1 Qd4+ 66. Ka2 Qe3 67. Qh1+ Kg3 68. Qd5 Qe6 0-1

[Event "ROM-ch (Women)"]
[Site "Eforie Nord"]
[Date "2024.02.28"]
[Round "6"]
[White "Chicarosie, Ioana Bianca"]
[Black "Batagan, Ilinca Petra"]
[Result "1/2-1/2"]
[WhiteElo "1700"]
[BlackElo "1859"]
[PlyCount "41"]
[EventDate "2024.02.24"]
[EventType "swiss"]
[EventRounds "9"]
[EventCountry "ROU"]
[SourceTitle "CB10_2024"]
[SourceDate "2024.03.06"]
[SourceVersion "1"]
[SourceVersionDate "2024.03.06"]
[SourceQuality "1"]

1. d4 Nf6 2. Bg5 d5 3. Bxf6 gxf6 4. Nf3 c5 5. e3 e5 6. dxe5 fxe5 7. Bb5+ Nc6 8. Nxe5 Qd6 9. Qh5 Be6 10. Nd2 c4 11. c3 a6 12. Ba4 b5 13. Nxc6 Qxc6 14. Bc2 Rg8 15. Qxh7 Rxg2 16. Kf1 Rg7 17. Qh5 0-0-0 18. Bf5 Qd7 19. Bxe6 fxe6 20. Ke2 Bd6 21. Rag1 1/2-1/2

[Event "ROM-ch (Women)"]
[Site "Eforie Nord"]
[Date "2024.02.27"]
[Round "5"]
[White "Batagan, Ilinca Petra"]
[Black "Malaieru, Alexandra Gabriela1"]
[Result "1-0"]
[WhiteElo "1859"]
[BlackElo "1258"]
[PlyCount "57"]
[EventDate "2024.02.24"]
[EventType "swiss"]
[EventRounds "9"]
[EventCountry "ROU"]
[SourceTitle "CB10_2024"]
[SourceDate "2024.03.06"]
[SourceVersion "1"]
[SourceVersionDate "2024.03.06"]
[SourceQuality "1"]

1. e4 e5 2. Nf3 Nc6 3. Bb5 f5 4. d3 fxe4 5. dxe4 Nf6 6. 0-0 Be7 7. Bxc6 bxc6 8. Nxe5 0-0 9. Nc3 Bb7 10. Be3 d5 11. f3 c5 12. Nxd5 Nxd5 13. exd5 Qxd5 14. Qxd5+ Bxd5 15. Nd7 Rfe8 16. Bxc5 Bxc5+ 17. Nxc5 Rab8 18. b3 Rbd8 19. Rfe1 Kf7 20. Rxe8 Rxe8 21. Kf2 Bc6 22. Rd1 Re5 23. Nd3 Re6 24. Re1 Rd6 25. Re5 Bb7 26. Rc5 c6 27. Ra5 a6 28. Ke3 Re6+ 29. Kd2 1-0

[Event "ROM-chT Rapid (Women)"]
[Site "Sebes"]
[Date "2023.12.02"]
[Round "6.6"]
[White "Batagan, Ilinca Petra"]
[Black "Puia, Alexia Teodora"]
[Result "0-1"]
[WhiteElo "1859"]
[BlackElo "1751"]
[PlyCount "76"]
[EventDate "2023.12.02"]
[EventType "team-tourn (rapid)"]
[EventRounds "7"]
[EventCountry "ROU"]
[SourceTitle "CB49_2023"]
[SourceDate "2023.12.06"]
[SourceVersion "1"]
[SourceVersionDate "2023.12.06"]
[SourceQuality "1"]
[WhiteTeam "Timisoara (W)"]
[BlackTeam "Bucharest CSM (W)"]
[WhiteTeamCountry "ROU"]
[BlackTeamCountry "ROU"]

1. e4 c5 2. Nf3 a6 3. Nc3 b5 4. d4 cxd4 5. Nxd4 Bb7 6. Bd3 Qc7 7. 0-0 e6 8. Re1 Nc6 9. Nxc6 dxc6 10. a4 b4 11. Ne2 Rd8 12. Ng3 c5 13. Qe2 Qc6 14. f3 h5 15. e5 Ne7 16. Bg5 Rd7 17. Bxe7 Bxe7 18. Be4 Qc7 19. Bxb7 Qxb7 20. Red1 h4 21. Ne4 0-0 22. Rd3 Rxd3 23. cxd3 Qd5 24. Rd1 Qxe5 25. Qf2 f5 26. Nd2 Qxb2 27. Nc4 Qxf2+ 28. Kxf2 Rd8 29. f4 Bf6 30. Ne5 Bxe5 31. fxe5 c4 32. d4 c3 33. Ke3 b3 34. Kd3 c2 35. Re1 Rc8 36. d5 c1Q 37. Rxc1 Rxc1 38. d6 Kf8 0-1

[Event "ROM-chT Rapid (Women)"]
[Site "Sebes"]
[Date "2023.12.02"]
[Round "7.6"]
[White "Pitigoi, Sabina Andreea"]
[Black "Batagan, Ilinca Petra"]
[Result "1-0"]
[WhiteElo "1697"]
[BlackElo "1859"]
[PlyCount "111"]
[EventDate "2023.12.02"]
[EventType "team-tourn (rapid)"]
[EventRounds "7"]
[EventCountry "ROU"]
[SourceTitle "CB49_2023"]
[SourceDate "2023.12.06"]
[SourceVersion "1"]
[SourceVersionDate "2023.12.06"]
[SourceQuality "1"]
[WhiteTeam "Dinamo (W)"]
[BlackTeam "Timisoara (W)"]
[WhiteTeamCountry "ROU"]
[BlackTeamCountry "ROU"]

1. Nf3 d5 2. e3 e6 3. c4 Nf6 4. b3 b6 5. Bb2 Bb7 6. cxd5 exd5 7. Be2 Nbd7 8. 0-0 Bd6 9. Nc3 a6 10. Nd4 0-0 11. Nf5 Nc5 12. d3 Qd7 13. Bg4 Ne6 14. Nxd6 Qxd6 15. Bf3 c5 16. Ne2 Ng5 17. Ng3 Qe6 18. d4 Nxf3+ 19. Qxf3 Qg4 20. Qxg4 Nxg4 21. dxc5 bxc5 22. Rac1 Rac8 23. Nf5 Rc7 24. Bxg7 Re8 25. Bd4 c4 26. h3 Ne5 27. Nd6 Re6 28. Nxb7 Rxb7 29. Bxe5 Rxe5 30. bxc4 dxc4 31. Rxc4 Ra5 32. a4 Rb2 33. Rfc1 Ra2 34. Rg4+ Kf8 35. Rc8+ Ke7 36. Rc7+ Ke6 37. Re4+ Kd6 38. Rxf7 R5xa4 39. Rxa4 Rxa4 40. Rxh7 Ra1+ 41. Kh2 a5 42. Ra7 a4 43. h4 Ra2 44. h5 Rxf2 45. Rxa4 Rf8 46. Rf4 Rh8 47. g4 Ke5 48. Kg3 Ra8 49. h6 Ra3 50. Rf3 Ra6 51. g5 Ra8 52. Kh4 Ke4 53. Rf7 Kxe3 54. h7 Ra1 55. Kh5 Rh1+ 56. Kg6 1-0

[Event "Brasov GP RO"]
[Site "Brasov"]
[Date "2023.07.16"]
[Round "1"]
[White "Warmerdam, Max"]
[Black "Batagan, Ilinca Petra"]
[Result "1-0"]
[WhiteElo "2607"]
[BlackElo "1689"]
[PlyCount "41"]
[EventDate "2023.07.16"]
[EventType "swiss"]
[EventRounds "9"]
[EventCountry "ROU"]
[SourceTitle "CBM 215 Extra"]
[Source "ChessBase"]
[SourceDate "2023.09.30"]
[SourceVersion "1"]
[SourceVersionDate "2023.09.30"]
[SourceQuality "1"]

1. d4 Nf6 2. c4 g6 3. g3 Bg7 4. Bg2 d5 5. Nf3 dxc4 6. Na3 c3 7. bxc3 c5 8. 0-0 Nc6 9. Ne5 Nd5 10. Qb3 Be6 11. Qxb7 Nxe5 12. dxe5 0-0 13. Rd1 Rb8 14. Qxa7 Bxe5 15. Bxd5 Bxd5 16. Bh6 Bxc3 17. Bxf8 Kxf8 18. Rxd5 Qxd5 19. Qxb8+ Kg7 20. Rc1 Qd2 21. Qb1 1-0

[Event "ROM-ch (Women)"]
[Site "Sebes"]
[Date "2023.02.21"]
[Round "4"]
[White "Matasaru, Stephanie"]
[Black "Batagan, Ilinca Petra"]
[Result "1-0"]
[WhiteElo "1975"]
[BlackElo "1833"]
[PlyCount "99"]
[EventDate "2023.02.19"]
[EventType "swiss"]
[EventRounds "9"]
[EventCountry "ROU"]
[SourceTitle "CBM 212 Extra"]
[Source "ChessBase"]
[SourceDate "2023.03.31"]
[SourceVersion "1"]
[SourceVersionDate "2023.03.31"]
[SourceQuality "1"]

1. e4 c5 2. Nf3 d6 3. Bc4 Nf6 4. d3 Nc6 5. c3 g6 6. 0-0 Bg7 7. Re1 0-0 8. Bb3 b6 9. Nbd2 Ba6 10. Nf1 Ne5 11. Bc2 Qc7 12. Ne3 e6 13. h3 Rac8 14. Nh2 c4 15. dxc4 Nxc4 16. Nxc4 Bxc4 17. Bf4 e5 18. Bg5 b5 19. Qf3 Nh5 20. Ng4 b4 21. b3 Be6 22. c4 Nf4 23. Rad1 Bxg4 24. Qxg4 Ne6 25. Be3 Nd4 26. Bxd4 exd4 27. f4 Qc5 28. Bd3 a5 29. Qf3 a4 30. g4 axb3 31. axb3 Ra8 32. Ra1 Ra3 33. Rab1 Ra2 34. h4 Kh8 35. e5 dxe5 36. f5 f6 37. fxg6 hxg6 38. h5 Bh6 39. hxg6 Qa7 40. Re2 Rxe2 41. Qxe2 Be3+ 42. Kg2 Qa8+ 43. Qf3 Kg7 44. Ra1 Qxf3+ 45. Kxf3 Bh6 46. Ra7+ Kg8 47. Be4 Bg7 48. c5 Rc8 49. c6 Bf8 50. Bd5+ 1-0

[Event "Wch U18 Girls"]
[Site "Mamaia"]
[Date "2022.09.12"]
[Round "7"]
[White "Sinitsina, Anastassia"]
[Black "Batagan, Ilinca Petra"]
[Result "1/2-1/2"]
[WhiteElo "2192"]
[BlackElo "1844"]
[PlyCount "129"]
[EventDate "2022.09.06"]
[EventType "swiss"]
[EventRounds "11"]
[EventCountry "ROU"]
[SourceTitle "CBM 210 Extra"]
[Source "ChessBase"]
[SourceDate "2022.11.30"]
[SourceVersion "1"]
[SourceVersionDate "2022.11.30"]
[SourceQuality "1"]

1. e4 c5 2. Nf3 d6 3. d4 cxd4 4. Nxd4 Nf6 5. Nc3 a6 6. Bg5 e6 7. f4 Qb6 8. Nb3 Nbd7 9. Qd2 Be7 10. 0-0-0 Qc7 11. g4 b5 12. a3 Rb8 13. Kb1 Nb6 14. e5 dxe5 15. fxe5 Nfd5 16. Ne4 0-0 17. Bxe7 Qxe7 18. g5 Nc4 19. Qd3 Qc7 20. Nd4 Qxe5 21. Re1 Qc7 22. Rg1 Ne5 23. Qd1 b4 24. Rg3 bxa3 25. Rxa3 Rd8 26. Qd2 Nc4 27. Bxc4 Qxc4 28. Nb3 Bb7 29. Nec5 Nb4 30. Qf2 Qd5 31. Ra5 Qf3 32. Qxf3 Bxf3 33. Nxa6 Nxa6 34. Rxa6 Rd1+ 35. Rxd1 Bxd1 36. Rd6 Bf3 37. Nc5 h6 38. g6 Bd5 39. gxf7+ Kxf7 40. c3 Bb3 41. Nxb3 Rxb3 42. Kc2 Rb5 43. c4 Rb7 44. Kc3 e5 45. b4 e4 46. b5 h5 47. Kd4 Re7 48. Ke3 Rc7 49. Rd4 Ke6 50. Kxe4 Ra7 51. Rd2 Ra1 52. Kd4 Kd6 53. c5+ Kc7 54. Kd5 Rb1 55. b6+ Kb7 56. Kd6 Rc1 57. Rd5 g6 58. h4 Rc2 59. Ke7 Kc6 60. Rd8 Rxc5 61. Kf6 Kxb6 62. Kxg6 Kc7 63. Rh8 Kd7 64. Kf6 Ra5 65. Rh6 1/2-1/2

[Event "Wch U18 Girls"]
[Site "Mamaia"]
[Date "2022.09.06"]
[Round "1"]
[White "Batagan, Ilinca Petra"]
[Black "Ruzic, Pia Marie"]
[Result "0-1"]
[WhiteElo "1844"]
[BlackElo "2104"]
[PlyCount "116"]
[EventDate "2022.09.06"]
[EventType "swiss"]
[EventRounds "11"]
[EventCountry "ROU"]
[SourceTitle "CBM 210 Extra"]
[Source "ChessBase"]
[SourceDate "2022.11.30"]
[SourceVersion "1"]
[SourceVersionDate "2022.11.30"]
[SourceQuality "1"]

1. e4 e6 2. d4 d5 3. exd5 exd5 4. c4 Bb4+ 5. Nc3 Nf6 6. Nf3 0-0 7. Be2 dxc4 8. Bxc4 Bg4 9. Be3 Nbd7 10. 0-0 Nb6 11. Be2 Nbd5 12. Nxd5 Nxd5 13. h3 Bh5 14. Ne5 Bxe2 15. Qxe2 c6 16. Qf3 Bd6 17. Rfe1 f6 18. Nd3 Re8 19. Bf4 Nxf4 20. Nxf4 Bxf4 21. Qxf4 Qa5 22. Re3 Rad8 23. Rae1 Qxe1+ 24. Rxe1 Rxe1+ 25. Kh2 Re7 26. Qf3 a6 27. Qc3 Rd5 28. Qb3 Kf8 29. Qa3 Ke8 30. Qd3 h6 31. Qg6+ Kd8 32. Qg3 Kc8 33. Qc3 Red7 34. b4 Rxd4 35. a4 R4d5 36. Qe3 a5 37. b5 cxb5 38. Qc3+ Kb8 39. Qxa5 bxa4 40. Qxa4 b5 41. Qa6 Kc7 42. h4 Kd8 43. Qa8+ Ke7 44. Qg8 Kd6 45. Qf8+ Kc6 46. Qa3 Rd4 47. Qa6+ Kc5 48. Qc8+ Kb4 49. Qf8+ Kb3 50. Qg8+ R4d5 51. Qe6 b4 52. Qe3+ Kb2 53. Qe2+ Rd2 54. Qc4 b3 55. Qa4 R7d4 56. Qc6 Rxf2 57. Kg3 Rc2 58. h5 Rxc6 0-1

[Event "ROM-ch U18 Girls"]
[Site "Eforie Nord"]
[Date "2022.04.18"]
[Round "9"]
[White "Ciolacu, Alessia Mihaela"]
[Black "Batagan, Ilinca Petra"]
[Result "1-0"]
[WhiteElo "2279"]
[BlackElo "1868"]
[PlyCount "75"]
[EventDate "2022.04.11"]
[EventType "swiss"]
[EventRounds "9"]
[EventCountry "ROU"]
[SourceTitle "EXT 2023"]
[Source "ChessBase"]
[SourceDate "2022.10.05"]
[SourceVersion "1"]
[SourceVersionDate "2022.10.05"]
[SourceQuality "1"]

1. Nf3 Nf6 2. c4 e6 3. g3 d5 4. Bg2 c5 5. 0-0 dxc4 6. Qa4+ Bd7 7. Qxc4 Nc6 8. d3 b5 9. Qc2 Rc8 10. Nc3 a6 11. a4 Nd4 12. Qd1 Be7 13. Ne5 b4 14. Nb1 Nd5 15. Nd2 0-0 16. Nxd7 Qxd7 17. Nc4 Rb8 18. e3 Nc6 19. a5 Bf6 20. e4 Nde7 21. Bf4 e5 22. Be3 Nd4 23. f4 Nec6 24. Nb6 Qd8 25. Nd5 Be7 26. fxe5 Nxe5 27. Bxd4 cxd4 28. Rf5 Bd6 29. Kh1 Rb5 30. Qg1 Ng4 31. Bh3 g6 32. Rff1 Ne3 33. Nxe3 dxe3 34. Qxe3 Be5 35. Rac1 Qd4 36. Qf3 Qxb2 37. Rc8 Rb8 38. Qxf7+ 1-0

[Event "ROM-ch U18 Girls"]
[Site "Eforie Nord"]
[Date "2022.04.12"]
[Round "2"]
[White "Patru, Alexandra Ioana"]
[Black "Batagan, Ilinca Petra"]
[Result "1/2-1/2"]
[WhiteElo "1683"]
[BlackElo "1868"]
[PlyCount "36"]
[EventDate "2022.04.11"]
[EventType "swiss"]
[EventRounds "9"]
[EventCountry "ROU"]
[SourceTitle "EXT 2023"]
[Source "ChessBase"]
[SourceDate "2022.10.05"]
[SourceVersion "1"]
[SourceVersionDate "2022.10.05"]
[SourceQuality "1"]

1. d4 Nf6 2. Nf3 d5 3. Bf4 Bf5 4. e3 e6 5. c4 Bxb1 6. Qa4+ Qd7 7. Qxd7+ Nbxd7 8. Rxb1 Bb4+ 9. Kd1 Ne4 10. Bg3 Bd6 11. Nd2 Ndf6 12. Nxe4 Nxe4 13. Bd3 Bxg3 14. Bxe4 Bxf2 15. cxd5 exd5 16. Bxd5 0-0-0 17. Bxf7 Bxe3 18. d5 Rhf8 1/2-1/2

[Event "EU-ch Hybrid U16 Girls"]
[Site "Tornelo INT"]
[Date "2021.10.15"]
[Round "4"]
[White "Batagan, Ilinca Petra"]
[Black "Cherepanova, Evita"]
[Result "1/2-1/2"]
[WhiteElo "1977"]
[BlackElo "1857"]
[PlyCount "80"]
[EventDate "2021.10.15"]
[EventType "swiss"]
[EventRounds "9"]
[EventCountry "NET"]
[SourceTitle "EXT 2023"]
[Source "ChessBase"]
[SourceDate "2022.10.05"]
[SourceVersion "1"]
[SourceVersionDate "2022.10.05"]
[SourceQuality "1"]
[WhiteTeam "Romania"]
[BlackTeam "Russia"]
[WhiteTeamCountry "ROU"]
[BlackTeamCountry "RUS"]

1. d4 d5 2. c4 e6 3. Nf3 Nf6 4. cxd5 exd5 5. Bg5 Be7 6. Nc3 c6 7. Qc2 0-0 8. e3 h6 9. Bh4 Be6 10. Bd3 Nbd7 11. 0-0 Rc8 12. Rfe1 c5 13. Qd2 cxd4 14. exd4 a6 15. Ne5 Nxe5 16. Rxe5 Nd7 17. Bxe7 Qxe7 18. Re2 Qd6 19. Rae1 Nb6 20. Bb1 Rfe8 21. Qd3 g6 22. Qf3 Kg7 23. h3 Rc7 24. a4 Nc4 25. Ba2 Rec8 26. Bxc4 Rxc4 27. Rd1 Rd8 28. Qe3 Rb4 29. Qd2 Rc8 30. Qe3 Rd8 31. Qd2 Qb6 32. Kh1 Rb3 33. Qe3 Rd7 34. Rdd2 Qd8 35. Qe5+ Kh7 36. Rc2 Bf5 37. Rcd2 Be6 38. Rc2 Bf5 39. Rcd2 b5 40. axb5 axb5 1/2-1/2

[Event "EU-ch Hybrid U16 Girls"]
[Site "Tornelo INT"]
[Date "2021.10.15"]
[Round "8"]
[White "Batagan, Ilinca Petra"]
[Black "Follana Albelda, Lucia"]
[Result "0-1"]
[WhiteElo "1977"]
[BlackElo "1904"]
[PlyCount "128"]
[EventDate "2021.10.15"]
[EventType "swiss"]
[EventRounds "9"]
[EventCountry "NET"]
[SourceTitle "EXT 2023"]
[Source "ChessBase"]
[SourceDate "2022.10.05"]
[SourceVersion "1"]
[SourceVersionDate "2022.10.05"]
[SourceQuality "1"]
[WhiteTeam "Romania"]
[BlackTeam "Spain"]
[WhiteTeamCountry "ROU"]
[BlackTeamCountry "ESP"]

1. e4 c5 2. Nf3 d6 3. d4 cxd4 4. Nxd4 Nf6 5. Nc3 a6 6. Be3 e5 7. Nb3 Be7 8. h3 h5 9. f4 exf4 10. Bxf4 Be6 11. Qe2 Nc6 12. 0-0-0 Qc7 13. g3 Ne5 14. Bg2 Rc8 15. Bxe5 dxe5 16. Nd5 Nxd5 17. exd5 Bf5 18. Be4 Bxe4 19. Qxe4 0-0 20. Rhf1 g6 21. g4 h4 22. Kb1 Rfd8 23. Rf3 Bg5 24. Rc3 Qd6 25. Rxc8 Rxc8 26. Nd2 b5 27. Nf3 Bf6 28. b3 a5 29. g5 Bg7 30. Nxh4 a4 31. Nf3 a3 32. Nd2 Qc5 33. c4 Qb4 34. Kc2 Qc5 35. Kd3 Qf2 36. Rf1 bxc4+ 37. bxc4 Qb6 38. Nb3 Qa6 39. Rc1 f5 40. gxf6 Qxf6 41. c5 Qf2 42. Qxg6 Qf3+ 43. Kc4 Qf4+ 44. Kb5 Rb8+ 45. Kc6 Qa4+ 46. Kc7 Qa7+ 47. Kd6 Rd8+ 48. Kc6 Qa6+ 49. Kc7 Qxg6 50. Kxd8 Bf6+ 51. Kc7 Qf7+ 52. Kd6 Qe7+ 53. Kc6 Qe8+ 54. Kb6 Bd8+ 55. Ka6 e4 56. c6 Bc7 57. Nc5 e3 58. Ne6 Qa8+ 59. Kb5 Qa5+ 60. Kc4 Bd6 61. Rg1+ Kh8 62. Rg6 Qb4+ 63. Kd3 Qb1+ 64. Kxe3 Qxg6 0-1

[Event "EU-ch Hybrid U16 Girls"]
[Site "Tornelo INT"]
[Date "2021.10.15"]
[Round "7"]
[White "Volovich, Julia"]
[Black "Batagan, Ilinca Petra"]
[Result "1/2-1/2"]
[WhiteElo "1742"]
[BlackElo "1977"]
[PlyCount "127"]
[EventDate "2021.10.15"]
[EventType "swiss"]
[EventRounds "9"]
[EventCountry "NET"]
[SourceTitle "EXT 2023"]
[Source "ChessBase"]
[SourceDate "2022.10.05"]
[SourceVersion "1"]
[SourceVersionDate "2022.10.05"]
[SourceQuality "1"]
[WhiteTeam "England"]
[BlackTeam "Romania"]
[WhiteTeamCountry "ENG"]
[BlackTeamCountry "ROU"]

1. d4 d5 2. c4 e6 3. Nc3 Nf6 4. cxd5 exd5 5. Bg5 Be7 6. e3 0-0 7. Bd3 h6 8. Bh4 b6 9. Nf3 Bb7 10. 0-0 Nbd7 11. Qc2 c5 12. Rad1 c4 13. Bf5 Ne8 14. Bg3 Nd6 15. Bxd7 Qxd7 16. Ne5 Qd8 17. f3 b5 18. Ne2 Rc8 19. Be1 a5 20. a3 Re8 21. Ng3 Bf6 22. Nf5 Bxe5 23. dxe5 Nxf5 24. Qxf5 Qb6 25. Bf2 Qc7 26. Bg3 Qc5 27. Bf2 Qe7 28. f4 b4 29. axb4 axb4 30. e4 Qe6 31. Qxe6 fxe6 32. exd5 Bxd5 33. Bd4 c3 34. bxc3 bxc3 35. Rc1 c2 36. Rf2 Bb3 37. Rd2 Red8 38. Kf2 Kf7 39. g4 h5 40. gxh5 Rh8 41. Rd3 Ba4 42. Ra3 Rc4 43. Ke3 Rxh5 44. Kd3 Bb5 45. Ra7+ Rc7+ 46. Ke4 Rxa7 47. Bxa7 Rxh2 48. f5 exf5+ 49. Kxf5 Bd3+ 50. Kf4 Ke6 51. Bd4 Re2 52. Be3 g5+ 53. Kf3 g4+ 54. Kf4 g3 55. Kf3 Kf5 56. Ra1 g2 57. Rc1 Kxe5 58. Rg1 Kd5 59. Kf4 Be4 60. Rc1 Bg6 61. Rg1 Kc4 62. Bc1 Rf2+ 63. Kg3 Rf1 64. Kxg2 1/2-1/2

[Event "ROM-chT (Women)"]
[Site "Mamaia"]
[Date "2021.10.07"]
[Round "6.2"]
[White "Doluhanova, Evgeniya"]
[Black "Batagan, Ilinca Petra"]
[Result "1-0"]
[WhiteElo "2209"]
[BlackElo "1977"]
[PlyCount "73"]
[EventDate "2021.10.02"]
[EventType "team-tourn"]
[EventRounds "10"]
[EventCountry "ROU"]
[SourceTitle "CBM 204 Extra"]
[Source "ChessBase"]
[SourceDate "2021.11.30"]
[SourceVersion "1"]
[SourceVersionDate "2021.11.30"]
[SourceQuality "1"]
[WhiteTeam "Arnia ChessIT (W)"]
[BlackTeam "Sighetu Marmatiei (W)"]
[WhiteTeamCountry "ROU"]
[BlackTeamCountry "ROU"]

1. Nf3 d5 2. b3 Nf6 3. Bb2 e6 4. e3 b6 5. Bb5+ c6 6. Be2 Bb7 7. 0-0 Be7 8. c4 0-0 9. Nc3 c5 10. cxd5 exd5 11. d4 Nc6 12. dxc5 Bxc5 13. Na4 Ne4 14. Nxc5 bxc5 15. Rc1 Rc8 16. Nd2 Qe7 17. Nxe4 dxe4 18. Bc4 Ne5 19. Bxe5 Qxe5 20. Qd7 Rc7 21. Qg4 Bc8 22. Qg3 Qe7 23. Rfd1 Rd7 24. h3 Rfd8 25. Rxd7 Rxd7 26. Qf4 g5 27. Qg4 Rd8 28. Qh5 Bf5 29. Bxf7+ Kg7 30. Bc4 Rd2 31. a4 Qf6 32. Rf1 Bg6 33. Qg4 Bf5 34. Qg3 Rd6 35. f4 h6 36. fxg5 hxg5 37. Rxf5 1-0

[Event "ROM-chT (Women)"]
[Site "Mamaia"]
[Date "2021.10.04"]
[Round "3.1"]
[White "Batagan, Ilinca Petra"]
[Black "Cosman, Andreea Marioara"]
[Result "1/2-1/2"]
[WhiteElo "1977"]
[BlackElo "2133"]
[PlyCount "60"]
[EventDate "2021.10.02"]
[EventType "team-tourn"]
[EventRounds "10"]
[EventCountry "ROU"]
[SourceTitle "CBM 204 Extra"]
[Source "ChessBase"]
[SourceDate "2021.11.30"]
[SourceVersion "1"]
[SourceVersionDate "2021.11.30"]
[SourceQuality "1"]
[WhiteTeam "Sighetu Marmatiei (W)"]
[BlackTeam "Timisoara UVT (W)"]
[WhiteTeamCountry "ROU"]
[BlackTeamCountry "ROU"]

1. e4 c5 2. Nf3 d6 3. d4 Nf6 4. Nc3 cxd4 5. Nxd4 a6 6. Be3 e5 7. Nb3 Be6 8. h3 h5 9. f4 Qc7 10. Qe2 b5 11. 0-0-0 Nbd7 12. Nd5 Bxd5 13. exd5 Be7 14. Rg1 exf4 15. Bxf4 Nb6 16. Nd4 Nfxd5 17. Bg5 0-0 18. Qxh5 Bxg5+ 19. Qxg5 Qe7 20. Qxe7 Nxe7 21. g4 Rac8 22. Nf5 Nxf5 23. gxf5 d5 24. Bg2 Rfd8 25. Rd4 Rd6 26. Rgd1 Rcd8 27. b3 Kf8 28. Kd2 Rc8 29. Be4 Ke7 30. Ke3 Rcd8 1/2-1/2

[Event "EU-ch (Women) 21st"]
[Site "Iasi"]
[Date "2021.08.12"]
[Round "4"]
[White "Batagan, Ilinca Petra"]
[Black "Cosma, Elena Luminita"]
[Result "0-1"]
[WhiteElo "1846"]
[BlackElo "2311"]
[PlyCount "116"]
[EventDate "2021.08.09"]
[EventType "swiss"]
[EventRounds "11"]
[EventCountry "ROU"]
[SourceTitle "CBM 203 Extra"]
[Source "ChessBase"]
[SourceDate "2021.09.30"]
[SourceVersion "1"]
[SourceVersionDate "2021.09.30"]
[SourceQuality "1"]

1. e4 e6 2. d4 d5 3. exd5 exd5 4. c4 Nf6 5. Nf3 Be7 6. Nc3 0-0 7. Be2 dxc4 8. Bxc4 Bg4 9. Be3 Nbd7 10. h3 Bh5 11. 0-0 Nb6 12. Bb3 Nfd5 13. g4 Bg6 14. Ne5 c6 15. Rc1 Bf6 16. Qf3 Bxe5 17. dxe5 Nxe3 18. Qxe3 Qd3 19. Qxd3 Bxd3 20. Rfe1 Rad8 21. Ne4 Bxe4 22. Rxe4 Rd2 23. Rc2 Rfd8 24. Re2 Rxc2 25. Rxc2 Rd4 26. Kg2 Kf8 27. Re2 Ke7 28. Kf3 g5 29. Re4 Rd3+ 30. Re3 Rd2 31. Re2 Rxe2 32. Kxe2 Nd7 33. f4 gxf4 34. Kf3 Nxe5+ 35. Kxf4 Nd3+ 36. Kg5 Nxb2 37. Bc2 f6+ 38. Kh5 c5 39. Bxh7 c4 40. Bc2 c3 41. Kg6 Nc4 42. h4 Ne3 43. h5 Nxc2 44. h6 Ne3 45. h7 c2 46. h8Q c1Q 47. Qxf6+ Kd7 48. Qd4+ Kc6 49. Qa4+ Kd5 50. Qxa7 Qc6+ 51. Kg5 Ke4 52. Qb8 Nd5 53. Qf8 Qe6 54. Qf2 Qe7+ 55. Kh6 Ne3 56. Qe2 Qh4+ 57. Kg6 Qxg4+ 58. Qxg4+ Nxg4 0-1

[Event "EU-ch (Women) 21st"]
[Site "Iasi"]
[Date "2021.08.10"]
[Round "2"]
[White "Injac, Teodora"]
[Black "Batagan, Ilinca Petra"]
[Result "1-0"]
[WhiteElo "2370"]
[BlackElo "1846"]
[PlyCount "69"]
[EventDate "2021.08.09"]
[EventType "swiss"]
[EventRounds "11"]
[EventCountry "ROU"]
[SourceTitle "CBM 203 Extra"]
[Source "ChessBase"]
[SourceDate "2021.09.30"]
[SourceVersion "1"]
[SourceVersionDate "2021.09.30"]
[SourceQuality "1"]

1. d4 d5 2. c4 e6 3. Nf3 Nf6 4. g3 b6 5. Bg2 Bb7 6. cxd5 exd5 7. Nc3 Be7 8. Qa4+ c6 9. 0-0 0-0 10. Ne5 Qc7 11. Bf4 Nh5 12. Be3 b5 13. Qc2 Na6 14. Rac1 Qd6 15. Qf5 g6 16. Qd7 Qxd7 17. Nxd7 Rfd8 18. Ne5 Bd6 19. Nd3 Ng7 20. Bf4 Nf5 21. Bxd6 Nxd6 22. Nb1 Nc4 23. b3 Nd6 24. Rc2 Rab8 25. Rfc1 f6 26. a3 Re8 27. e3 Ba8 28. h4 Kf7 29. g4 Ne4 30. g5 Rbc8 31. Bh3 Rc7 32. gxf6 Nb8 33. Nc3 Kxf6 34. Nxd5+ cxd5 35. Rxc7 1-0